| 000 | 00571nam a2200205 i 4500 | ||
|---|---|---|---|
| 001 | bgj | ||
| 100 | 1 |
_aROSS, Alan _d(1922- ). |
|
| 245 | 1 | 0 |
_aDeath Valley : _band other poems in America / _cAlan Ross. |
| 260 |
_aLondon : _bLondon Magazine Editions, _c1980. |
||
| 300 |
_aX, 92 pp ; _c22 cm. |
||
| 490 | 1 | _a"London Magazine" edition | |
| 650 | 9 |
_aPoetry in English _y1900- |
|
| 830 | _a"London Magazine" edition | ||
| 020 | _a904388360 | ||
| 040 | _cBPK | ||
| 041 | 0 | _aeng | |
| 920 | _aSBN 904388-36-0 | ||
| 942 | _cKS | ||
| 008 | s uk f |000 0 eng | ||
| 999 |
_c47535 _d47535 |
||
| 856 |
_uhttp://koha.tu.koszalin.pl/cgi-bin/koha/opac-detail.pl?biblionumber=47535 _yKatalog online BPK |
||